| 000 | 00000nam 2200000zi 4500 |
| 001 | 9.954134 |
| 003 | CaOODSP |
| 005 | 20250820100352 |
| 006 | m o d f |
| 007 | cr cn |||||||| |
| 008 | 250818e20151021onc obs f000 0 eng d |
| 040 | |aCaOODSP|beng|erda|cCaOODSP |
| 043 | |an-cn--- |
| 086 | 1 |aCS82-003/2015-10-2E-PDF |
| 100 | 1 |aRotermann, Michelle, |eauthor. |
| 245 | 10|aLinking 2006 Census and hospital data in Canada / |cby Michelle Rotermann, Claudia Sanmartin, Richard Trudeau and Hélène St-Jean. |
| 264 | 1|a[Ottawa] : |bStatistics Canada = Statistique Canada, |cOctober 21, 2015. |
| 264 | 4|c©2015 |
| 300 | |a1 online resource (pages 10-20). |
| 336 | |atext|btxt|2rdacontent |
| 337 | |acomputer|bc|2rdamedia |
| 338 | |aonline resource|bcr|2rdacarrier |
| 490 | 1 |aHealth reports, |x1209-1367 ; |vvol. 26, no. 10, [2] |
| 500 | |aIssued also in French under title: Couplage des données du Recensement de 2006 et des données hospitalières au Canada. |
| 500 | |aCover title. |
| 504 | |aIncludes bibliographical references (pages 19-20). |
| 520 | 3 |a"Record linkage is commonly used in health research to fill data gaps. This study summarizes the linkage of the 2006 Census of Population (excluding Quebec) to hospital data from the Discharge Abstract Database (DAD)"--Abstract, page 10. |
| 650 | 0|aMedical record linkage|zCanada. |
| 650 | 0|aHospitals|xAdmission and discharge|zCanada|vStatistics. |
| 650 | 0|aHospital records|zCanada|xData processing. |
| 651 | 0|aCanada|vCensus, 2006. |
| 710 | 2 |aStatistics Canada, |eissuing body. |
| 775 | 08|tCouplage des données du Recensement de 2006 et des données hospitalières au Canada / |w(CaOODSP)9.954133 |
| 830 | #0|aHealth reports (Series)|x1209-1367 ; |vv. 26, no. 10, [2].|w(CaOODSP)9.950253 |
| 856 | 40|qPDF|s691 KB|uhttps://publications.gc.ca/collections/collection_2025/statcan/82-003-x/CS82-003-2015-10-2-eng.pdf |
| 856 | 4 |qHTML|sN/A|uhttps://www150.statcan.gc.ca/n1/pub/82-003-x/2015010/article/14228-eng.htm |
| 986 | |a82-003-X |